| 000 | 00972nam a2200217Ia 4500 | ||
|---|---|---|---|
| 003 | GCL | ||
| 008 | 140319s9999 xx 000 0 ara d | ||
| 040 |
_aGCL / _cGCL |
||
| 082 | 0 | 4 |
_a251.1 _bج ك |
| 100 | 1 | _aابن الجوزى : ابو المحاسن محىالدين يوسف بن عبدالرحمن بن على بن محمد بن على البغدادى | |
| 245 | 1 | 0 |
_aكتاب الايضاح لقوانين الاصطلاح فى الجدل والمناظرة / _cابن الجوزى : ابو المحاسن محىالدين يوسف بن عبدالرحمن بن على بن محمد بن على البغدادى |
| 700 | 1 | _aمحمود بن محمد السيد الدغيم | |
| 260 |
_a[S.N] : _bمكتبة مدبولى ، _c1995 |
||
| 300 | _a641 ص | ||
| 490 | _a | ||
| 650 | 0 | 4 | _aالفلسفة الاسلامية |
| 650 | 0 | 4 | _aالاسلام |
| 650 | 0 | 4 | _aالاحكام الشرعية |
| 650 | 0 | 4 | _aالشريعة الاسلامية |
| 942 |
_2ddc _cBK |
||
| 999 |
_c35612 _d35612 |
||